LEADER 00994nam0 22002893i 450 001 996267843803316 005 20180913115451.0 010 $a978-88-244-3171-2 100 $a20120406d2012----||||0itac50 ba 101 $aita 102 $aIT 200 1 $aCodice dell'Unione Europea operativo$eTUE e TFUE commentati articolo per articolo, con la carta dei diritti fondamentali dell'Unione Europea$fdiretto da Carlo Curti Gialdino$gprefazione di José Manuel Durao Barroso 210 $aNapoli$cSimone$d2012 215 $a2560 p.$d22 cm 225 $a<> codici operativi$vOP 13 410 0$a<> codici operativi$vOP 13 606 0 $2BNCF 702 1$aBARROSO,$bJosé Manuel Durão 702 1$aCURTI GIALDINI,$bCarlo 710 02$aUnione europea$0361259 801 0$aIT$bsalbc$gISBD 912 $a996267843803316 951 $aXXIII.4.A. 196$b83268 g.$cXXIII.4.A.$d416443 959 $aBK 969 $aGIU 996 $aCodice dell'Unione Europea operativo$91511394 997 $aUNISA LEADER 00964nam a22002411i 4500 001 991002790299707536 005 20030808101124.0 008 030925s1910 it |||||||||||||||||ita 035 $ab1233909x-39ule_inst 035 $aARCHE-038663$9ExL 040 $aBiblioteca Interfacoltà$bita$cA.t.i. Arché s.c.r.l. Pandora Sicilia s.r.l. 082 04$a945.821 100 1 $aSorge, Giuseppe$0250867 245 10$aMussomeli :$bdall'origine all'abolizione della feudalità : note e considerazioni /$cGiuseppe Sorge 260 $aCatania :$bNiccolò Giannotta,$c1910 300 $a396 p. ;$c22 cm 650 4$aMussomeli$xStoria$xOrigini-Sec. 18. 907 $a.b1233909x$b02-04-14$c08-10-03 912 $a991002790299707536 945 $aLE002 Sal. II D 28 (Fondo Guerrieri)$cV. 1$g1$i2002000162427$lle002$o-$pE0.00$q-$rn$so $t0$u0$v0$w0$x0$y.i12741322$z08-10-03 996 $aMussomeli$9159527 997 $aUNISALENTO 998 $ale002$b08-10-03$cm$da $e-$fita$git $h0$i1